000 01526nam2a22002531 4500
001 RU\NLR\INFOCOMM44\1000036814
005 20250617121055.0
035 _a(NLR Aleph) 002592488
090 _a3374164
_c3374164
100 _a20040609d1952 |||y0rusy50 ca
101 0 _arus
102 _aRU
105 _ay |||||||||
200 1 _aИспользование многошпиндельных сверлильных головок на станках 2125
_fП.К. Перковский
210 _d1952
_aБ. м.
461 0 _1001RU\NLR\INFOCOMM44\1000036722
_12001#$aОбмен техническим опытом [заводов Министерства транспортного и тяжелого машиностроения и др.]$fМ-во трансп. машиностроения СССР. Гос. союзный проектно-технол. ин-т "Оргтрансмаш"$vВып.51(123)
_93373367
_cМ.
_d1951-1958
_fМ-во трансп. машиностроения СССР. Гос. союзный проектно-технол. ин-т "Оргтрансмаш"
_nОтд. техн. информации
_tОбмен техническим опытом [заводов Министерства транспортного и тяжелого машиностроения и др.]
_vВып.51(123)
700 1 _aПерковский
_bП.К.
_4070
801 1 _aRU
_bInfoComm
_c20040609
801 0 _aRU
_bNLR
_gPSBO
852 _aNLR
_jП11/779
942 _cISSUE
980 _aNB
980 _aRUSPER